Представление документа в формате RUSMARC

ПолеНазваниеЗначение
  Тип записи a
  Библиографический уровень m
001 Контрольный номер RU/IS/BASE/449835596
005 Дата корректировки 20260217103154.5
010 Индекс ISBN __
a ISBN 978-5-89392-534-0
d Цена 187 р. 89 к.
9 Тираж 1 500 экз.
100 Данные общей обработки __
a Данные общей обработки 20140403d2014 ||| 0rusy0189 ca
101 Язык документа 0_
a Язык текста rus
102 Страна публикации __
a Страна публикации RU
105 Кодированные данные (монография) __
a Кодированные данные (монография) y###||||000|y
200 Заглавие и сведения об ответственности 1_
a Заглавие Компьютер. Ноутбук. Интернет
b Общее обозначение материала Текст
e Сведения, относящиеся к заглавию осваиваем, несмотря на возраст
f Первые сведения об ответственности Ю. В. Матвиенко
210 Выходные данные 1_
a Место издания Москва
c Издательство Триумф
d Дата издания 2013
215 Физическое описание __
a Объем 175 с.
c Иллюстрации/тип воспроизводства ил.
d Формат 23,5 см.
300 Общие примечания __
a Общие примечания 16+
300 Общие примечания __
a Общие примечания На обл. авт. не указан
606 Тематические рубрики 0_
a Основная рубрика Персональные компьютеры - Пособия для самообразования
610 Ключевые слова 0_
a Ключевые слова компьютеры
a Ключевые слова устройство
a Ключевые слова ноутбук
a Ключевые слова планшеты
a Ключевые слова книги электронные
a Ключевые слова почта электронная
a Ключевые слова работа с текстом
a Ключевые слова поиск информаций
a Ключевые слова общение через интернет
a Ключевые слова сайты
a Ключевые слова развитие моторики
686 Индексы других классификаций __
a Классификационный индекс 32.973.26
2 Код системы ББК
686 Индексы других классификаций __
a Классификационный индекс 32.973.202
2 Код системы ББК
700 Автор _0
a Фамилия Матвиенко
b Имя (инициалы) Ю. В.
g Полное личное имя Юрий Владимирович
801 Источник записи _0
a Страна RU
b Организация МБУК ЦБС г. Ульяновска
c Дата составления 20140403
g Правила каталогизации RCR
801 Источник записи _1
a Страна RU
b Организация МБУК ЦБС г. Ульяновска
c Дата составления 20140403
g Правила каталогизации RCR
899 Данные о местонахождении __
i Авторский знак М 33
j Расстановочный фильтр 32.973.26
901 Тип документа __
t Тип документа m
910 Корректоры записи __
a Корректор записи Плотникова